| 000 -LEADER |
| fixed length control field |
00628cam a22001457a 4500 |
| 008 - FIXED-LENGTH DATA ELEMENTS--GENERAL INFORMATION |
| fixed length control field |
180718b1967 xxu||||| |||| 00| 0 eng d |
| 082 ## - DEWEY DECIMAL CLASSIFICATION NUMBER |
| Classification number |
K7x747 N489 |
| 245 ## - TITLE STATEMENT |
| Title |
Employer-employee relations in the public schools |
| Statement of responsibility, etc. |
by New York State School of Industrial and Labor relations; edited by Robert E. Doherty |
| 260 ## - PUBLICATION, DISTRIBUTION, ETC. |
| Place of publication, distribution, etc. |
New York |
| Name of publisher, distributor, etc. |
New York State School of Industrial and Labor relations |
| Date of publication, distribution, etc. |
1967 |
| 300 ## - PHYSICAL DESCRIPTION |
| Extent |
145p. |
| 650 ## - SUBJECT ADDED ENTRY--TOPICAL TERM |
| Topical term or geographic name entry element |
Collective bargaining --Teachers --Congresses |
| 650 ## - SUBJECT ADDED ENTRY--TOPICAL TERM |
| Topical term or geographic name entry element |
School personnel management --Congresses |
| 700 ## - ADDED ENTRY--PERSONAL NAME |
| Personal name |
Doherty, Robert E. |
| 700 ## - ADDED ENTRY--PERSONAL NAME |
| Personal name |
New York State School of Industrial and Labor relations |